Les différentes identités de Ghostface - Statistiques

Statistiques générales
  • Ce quiz a été pris 89 fois
  • Le résultat moyen est 10 sur 12
Statistiques - réponses
Hint Réponse % Correct
Scream 1 Billy Loomis
97%
Scream Amber Freeman
89%
Scream 1 Stuart Macher
88%
Scream 6 Ethan Kirsch
84%
Scream 2 Nancy Loomis
84%
Scream 3 Roman Bridger
84%
Scream 4 Charlie Walker
81%
Scream 4 Jill Roberts
81%
Scream Richie Kirsch
81%
Scream 2 Mickey Altieri
77%
Scream 6 Quinn Kirsch
75%
Scream 6 Wayne Kirsch
61%
Aucun quiz correspondant
Distribution des résultats
% des personnes avec chaque résultat
Percentile par nombre de réponses
Votre historique - résultats
Vous n’avez pas pris ce quiz